Highrise residential house

Gespeichert in:
Bibliographische Detailangaben
1. Verfasser: Hassan, Ibrahim (Verfasst von)
Weitere Verfasser: Bartók, Andrej (Betreuung Doktorarbeit)
Format: Manuskript Buch
Sprache:Slowakisch
Englisch
Veröffentlicht: 2022
Schlagworte:
Online-Zugang:http://is.stuba.sk/zp/portal_zp.pl?podrobnosti=162556
https://opac.crzp.sk/?fn=detailBiblioForm&sid=2990E1F3D3E255467E873159E9F3
Tags: Tag hinzufügen
Keine Tags, Fügen Sie das erste Tag hinzu!

MARC

LEADER 00000ntm a22000003a 4500
001 stuzp90933
003 SK-STU
005 20230503134257.3
007 ta
008 150427s2015----xo-----f-mn---000-0-slo-d
040 |a STU  |b slo 
041 0 |a eng 
100 1 |a Hassan, Ibrahim  |u 010110  |4 aut  |U SvF Stavebná fakulta  |T SvF Katedra betónových konštrukcií a mostov  |X 105317  |U V110  |Y 11  |7 105317 
242 0 1 |a Výškový obytný dom  |y slo 
245 1 0 |a Highrise residential house 
260 |c 2022 
650 4 |a statický výpočet  |2 slo 
650 4 |a konštrukcia  |2 slo 
650 4 |a stĺpec  |2 slo 
650 4 |a static calculation  |2 eng 
650 4 |a Column  |2 eng 
650 4 |a the structure  |2 eng 
700 1 |a Bartók, Andrej  |u 010110  |k Z8  |4 ths  |U SvF Stavebná fakulta  |T SvF Katedra betónových konštrukcií a mostov  |X 2747  |U V110  |Y 11  |7 A000002747 
856 4 |u http://is.stuba.sk/zp/portal_zp.pl?podrobnosti=162556 
856 4 |u https://opac.crzp.sk/?fn=detailBiblioForm&sid=2990E1F3D3E255467E873159E9F3